| 000 | 00375nam a22001217a 4500 | ||
|---|---|---|---|
| 040 | _cRUA | ||
| 082 | _aMUR FEB 2016 C227 Or. | ||
| 100 | _aMurari Suvedi and Michael Kaplowitz. | ||
| 245 |
_aProcess skills and Competency Tools: _bWhat every extension worker should know-core competency handbook. |
||
| 260 |
_aphnom penh _brua _c2016 |
||
| 300 |
_aviii.173p _bill. |
||
| 942 | _cEK | ||
| 999 |
_c21350 _d21350 |
||